• 首页
  • 本馆介绍
  • 公告通知
  • 最新文献
  • 馆藏检索
  • 电子资源
  • 读者导购
  • 参考咨询
  • 我的图书馆
  • 登录
  • 详细信息显示
  • 放入我的书架
  • 预约/预借图书
  • 作者相关作品
  • 分类相关作品
  • 丛书相关作品
  • 出版社相关作品

书目信息

  • 表格格式
  • 工作单格式
  • 卡片格式
题名:
实用体操理论与实践
    
 
作者: 孟林 著
分册:  
出版信息: 北京   现代出版社  2019.5
页数: 118页
开本: 21cm
丛书名:
单 册:
中图分类: G83
科图分类:
主题词: 体操
电子资源:
ISBN: 978-7-5143-7866-5
000 00780nam0 2200253 45
001 012001001481
005 20130912135656.0
010    @a978-7-5143-7866-5@dCNY29.80
099    @aCAL 012020063332
100    @a20200609d2019 em y0chiy0110 ea
101 0  @achi
102    @aCN@b110000
105    @aa a 000yy
106    @ar
200 1  @a实用体操理论与实践@Ashi yong ti cao li lun yu shi jian@f孟林著
210    @a北京@c现代出版社@d2019.5
215    @a118页@c图@d21cm
320    @a有书目
330    @a本书分六章, 内容包括: 体操基础理论概述 ; 体操比赛的组织与欣赏 ; 队列队形练习 ; 徒手体操练习 ; 轻器械体操练习 ; 器械体操练习。
606 0  @a体操
690    @aG83@v5
701  0 @a孟林@Ameng lin@4著
801    @aCN@b江苏凤凰@c20211018
905    @b1343669-72@dG83@e231@f4
    
    实用体操理论与实践/孟林著.-北京:现代出版社,2019.5
    118页:图;21cm
    
    
    ISBN 978-7-5143-7866-5:CNY29.80
    本书分六章, 内容包括: 体操基础理论概述 ; 体操比赛的组织与欣赏 ; 队列队形练习 ; 徒手体操练习 ; 轻器械体操练习 ; 器械体操练习。
●
相关链接 在E读中查询图书 在五车中查询图书 在当当中查询图书 在豆瓣中查询图书


正题名:实用体操理论与实践     索取号:G83/231         预约/预借

序号 登录号 条形码 馆藏地/架位号 状态 备注
1 1343669   213436691   第一样本阅览室/ [索取号:G83/231] 在馆    
2 1343670   213436708   第四借阅区/ [索取号:G83/231] 在馆    
3 1343671   213436717   第四借阅区/ [索取号:G83/231] 在馆    
4 1343672   213436726   第四借阅区/ [索取号:G83/231] 在馆    
唐山师范学院图书馆 欢迎您!
大连网信软件有限公司© 版权所有